| 000 | 00677nam a2200169 a 4500 | ||
|---|---|---|---|
| 005 | 20140412111232.0 | ||
| 008 | 010522s19uu xx 00 eng d | ||
| 020 | _a0-261-67014-X | ||
| 050 |
_aTR(PS E _bBu96 1991 |
||
| 100 | _aShipton, Jonathan | ||
| 245 |
_aBusy! busy! busy! / _cStory by Jonathan Shipton; illustrated by Michael Foreman. |
||
| 260 |
_aLondon : _bCarnival, _c1991. |
||
| 300 | _a1v. (unp.) ; ill. | ||
| 520 | _aHis mother may be in a bad, bad mood, but in this poignant and affectionate story a little boy shows how simple understanding can free her from the chains around the kitcehn sink-just in time. | ||
| 650 | _aChildren's stories | ||
| 999 |
_c102219 _d102219 |
||